Гидрохимический баланс системы озер Иткуль - Шира (Хакасия, Российская Федерация); Сибирский экологический журнал; Т. 23, № 5

Bibliographic Details
Parent link:Сибирский экологический журнал.— , 1994-
Т. 23, № 5.— 2016.— [С. 718-728]
Main Author: Гусева Н. В. Наталья Владимировна
Corporate Author: Национальный исследовательский Томский политехнический университет (ТПУ) Институт природных ресурсов (ИПР) Кафедра гидрогеологии, инженерной геологии и гидрогеоэкологии (ГИГЭ)
Other Authors: Савичев О. Г. Олег Геннадьевич
Summary:Заглавие с экрана
Выполнен расчет водного и гидрохимического баланса озер Шира и Иткуль, расположенных в аридной зоне в Республике Хакасия (Российская Федерация). Показано, что оз. Иткуль может рассматриваться как сточное, что в значительной степени и определяет основные отличия гидрохимического баланса двух водоемов. Отток воды из него в оз. Шира в среднем ориентировочно оценивается в размере 6791 тыс. м3/год, а отток растворенных солей - 35 697 т/год. Озеро Шира может рассматриваться как бессточный водоем с испарительным механизмом формирования химического состава его вод, а оз. Иткуль - как проточный водоем. Вследствие меньшей значимости испарения в формировании химического состава вод и меньшем времени их взаимодействия в системе вода - порода в оз. Иткуль не происходит такого концентрирования солей, как в оз. Шира. Сделано предположение, что для аридной зоны Северной и Центральной Азии это является не исключением, а закономерностью.
Режим доступа: по договору с организацией-держателем ресурса
Language:Russian
Published: 2016
Subjects:
Online Access:https://elibrary.ru/item.asp?id=26732497
Format: Electronic Book Chapter
KOHA link:https://koha.lib.tpu.ru/cgi-bin/koha/opac-detail.pl?biblionumber=654746

MARC

LEADER 00000naa0a2200000 4500
001 654746
005 20250428164303.0
035 |a (RuTPU)RU\TPU\network\20432 
035 |a RU\TPU\network\5765 
090 |a 654746 
100 |a 20170518d2016 k||y0rusy50 ca 
101 0 |a rus 
102 |a RU 
135 |a drcn ---uucaa 
181 0 |a i  
182 0 |a b 
200 1 |a Гидрохимический баланс системы озер Иткуль - Шира (Хакасия, Российская Федерация)  |f Н. В. Гусева, О. Г. Савичев 
203 |a Текст  |c электронный 
300 |a Заглавие с экрана 
320 |a [Библиогр.: 30 назв.] 
330 |a Выполнен расчет водного и гидрохимического баланса озер Шира и Иткуль, расположенных в аридной зоне в Республике Хакасия (Российская Федерация). Показано, что оз. Иткуль может рассматриваться как сточное, что в значительной степени и определяет основные отличия гидрохимического баланса двух водоемов. Отток воды из него в оз. Шира в среднем ориентировочно оценивается в размере 6791 тыс. м3/год, а отток растворенных солей - 35 697 т/год. Озеро Шира может рассматриваться как бессточный водоем с испарительным механизмом формирования химического состава его вод, а оз. Иткуль - как проточный водоем. Вследствие меньшей значимости испарения в формировании химического состава вод и меньшем времени их взаимодействия в системе вода - порода в оз. Иткуль не происходит такого концентрирования солей, как в оз. Шира. Сделано предположение, что для аридной зоны Северной и Центральной Азии это является не исключением, а закономерностью. 
333 |a Режим доступа: по договору с организацией-держателем ресурса 
461 |t Сибирский экологический журнал  |d 1994- 
463 |t Т. 23, № 5  |v [С. 718-728]  |d 2016 
610 1 |a электронный ресурс 
610 1 |a труды учёных ТПУ 
610 1 |a озеро Шира 
610 1 |a озеро Иткуль 
610 1 |a Хакасия 
610 1 |a степные области 
610 1 |a гидрохимический баланс 
610 1 |a водный баланс 
610 1 |a взаимодействие 
610 1 |a вода 
610 1 |a горные породы 
610 1 |a аридные экосистемы 
700 1 |a Гусева  |b Н. В.  |c гидрогеолог  |c профессор Томского политехнического университета, доктор геолого-минералогических наук  |f 1984-  |g Наталья Владимировна  |3 (RuTPU)RU\TPU\pers\27100  |9 12650 
701 1 |a Савичев  |b О. Г.  |c геолог  |c профессор Томского политехнического университета, доктор географических наук  |f 1967-  |g Олег Геннадьевич  |3 (RuTPU)RU\TPU\pers\25454  |9 11394 
712 0 2 |a Национальный исследовательский Томский политехнический университет (ТПУ)  |b Институт природных ресурсов (ИПР)  |b Кафедра гидрогеологии, инженерной геологии и гидрогеоэкологии (ГИГЭ)  |3 (RuTPU)RU\TPU\col\18664 
801 2 |a RU  |b 63413507  |c 20170518  |g RCR 
850 |a 63413507 
856 4 |u https://elibrary.ru/item.asp?id=26732497 
942 |c CF